000 01013nam0a22002411i 4500
001 rc\704353
005 20240723223159.0
035 _a(NLR Aleph) 005939926
090 _a6668055
_c6668055
100 _a20031121d1985 u |0rusy50 ca
101 0 _arus
102 _aRU
105 _ay |||||||||
200 1 _aЛихенометрические исследования и определение возраста поверхностных сейсмогенных образований
_e(На прим. гор юга Сред. Азии)
_eАвтореф. дис. на соиск. учен. степ. канд. геогр. наук
_e(11.00.05)
210 _aМ.
_d1985
215 _a25 с.
300 _aВ надзаг.: МГУ им. М.В. Ломоносова, Геогр. фак.
320 _aБиблиогр.: с. 25 (5 назв.)
700 1 _aШебалина
_bТ.Ю.
_gТатьяна Юрьевна
801 0 _aRU
_bNLR
_gpsbo
801 1 _aRU
_bELAR
_2rusmarc
852 _aNLR
_j86-4/28919
942 _cBOOK